书目信息 |
| 题名: |
俄罗斯帝国主义
|
|
| 作者: | 赫坦巴哈 著 ;吉林师范大学历史系 译 | |
| 分册: | ||
| 出版信息: | 北京 三联书店 1978 |
|
| 页数: | 547页 | |
| 开本: | 20cm | |
| 丛书名: | ||
| 单 册: | ||
| 中图分类: | K512.4 | |
| 科图分类: | ||
| 主题词: | 中欧--历史 , 东欧--历史 | |
| 电子资源: | ||
| ISBN: | ||
| 000 | 00896nam0 2200277 45 | |
| 001 | 0178005944 | |
| 005 | 20060801083121.31 | |
| 010 | @dCNY1.35 | |
| 091 | @a11002.496 | |
| 100 | @a19950714d1978 kemy0chiy0121 ea | |
| 101 | 1 | @achi@ceng |
| 102 | @aCN@b110000 | |
| 105 | @ay z 000yy | |
| 200 | 10 | @a俄罗斯帝国主义@Ae luo si di guo zhu yi@e从伊凡大帝到革命前@f(美)赫坦巴哈著@g吉林师范大学历史系翻译组译 |
| 210 | @a北京@c三联书店@d1978 | |
| 215 | @a547页@d20cm | |
| 300 | @a内部发行 | |
| 300 | @a书名原文:Russian imperialism;from Ivan the great to the revolution | |
| 510 | 1 | @aRussian imperialism;from Ivan the great to the revolution@zeng |
| 606 | 0 | @a中欧@x历史 |
| 606 | 0 | @a东欧@x历史 |
| 690 | @aK512.4 | |
| 701 | 1 | @a赫坦巴哈@Ahe tan ba ha@4著 |
| 712 | 02 | @a吉林师范大学历史系@Aji lin shi fan da xue li shi xi@4译 |
| 801 | 0 | @aCN@bNLC@c20060801 |
| 905 | @f1@b4559@dK512.4@e4 | |
| 俄罗斯帝国主义:从伊凡大帝到革命前/(美)赫坦巴哈著/吉林师范大学历史系翻译组译.-北京:三联书店,1978 |
| 547页;20cm |
| 内部发行.-书名原文:Russian imperialism;from Ivan the great to the revolution |
| ISBN :CNY1.35 |
| ● |
| 相关链接 |
|
|
|
|
正题名:俄罗斯帝国主义
索取号:K512.4/4
 
预约/预借
| 序号 | 登录号 | 条形码 | 馆藏地/架位号 | 状态 | 备注 |
| 1 | 0004558 | 001394538 | 第二样本阅览室/ [索取号:K512.4/4] | 在馆 | |
| 2 | 0004559 | 001925386 | 密集书库/ [索取号:K512.4/4] | 在馆 | |
| 3 | 0444025 | 204440257 | 密集书库/ [索取号:K512.4/4] | 在馆 | |
| 4 | 0444054 | 204440541 | 密集书库/ [索取号:K512.4/4] | 在馆 | |
| 5 | 0466485 | 204664853 | 密集书库/ [索取号:K512.4/4] | 在馆 | |
| 6 | 0466655 | 204666557 | 密集书库/ [索取号:K512.4/4] | 在馆 |